| 000 | 01002nam a2200409Ia 4500 | ||
|---|---|---|---|
| 003 | OSt | ||
| 005 | 20140319104824.0 | ||
| 008 | 140130s9999 xx 000 0 und d | ||
| 020 | _a0590424327 | ||
| 050 |
_aE 312.17 _b.G74 1977 |
||
| 100 | _aGriffin, Judith Berry. | ||
| 245 |
_cJudith Berry Griffin. _aPhoebe the spy / |
||
| 260 |
_bScholastic Inc., _cc1977. _aUSA : |
||
| 300 |
_a47 p. : _bcol. ill. ; _c23 cm. |
||
| 440 | _v1 | ||
| 521 | _aG4 | ||
| 526 | _c650 | ||
| 650 |
_aFraunces, Phoebe _xJuvenile literature. |
||
| 650 |
_aWashington, George, 1732-1799 _xJuvenile literature. |
||
| 650 | _aWashington, George, 1732-1799. | ||
| 942 |
_cBK _2lcc |
||
| 999 |
_c41664 _d41664 |
||